Statistics for Probably the Best Soccer Players Of All Time

Click here to take the quiz!

General Stats

  • This quiz has been taken 264 times
    (240 since last reset)
  • The average score is 18 of 28

Answer Stats

Country/Team Answer % Correct
Argentina/BarcenonaLionel Messi
98%
Brazil/Real Madrid(ST)Ronaldo
98%
Portgual/Real MadridCristiano Ronaldo
98%
Brazil/SantosPele
90%
England/Chelsea(Midfield)Frank Lampard
80%
Wales/Real MadridGareth Bale
79%
England/Chelsea(Defense)John Terry
77%
Uruguay/BarcelonaLuis Suarez
75%
England/LiverpoolSteven Gerrard
75%
France/ArsenalThierry Henry
73%
Spain/Real Madrid(GK)Iker Casillas
71%
Argentina/Barcelona(the old one)Diego Maradona
71%
Brazil/BarcelonaRonaldinho
69%
Argentina/Man CitySergio Aguero
67%
France/Real MadridZinedine Zidane
65%
Brazil/Real Madrid(LB)Roberto Carlos
64%
Italy/JuventusGianluigi Buffon
60%
Norther Ireland/ Man UGeorge Best
58%
Holland/AjaxJohan Cruyff
56%
Liberia/ AC MilanGeorge Weah
53%
Italy/AC MilanAndrea Pirlo
51%
Spain/Man UDavid De Gea
50%
Australia/Melbourne CityTim Cahill
49%
Italy/ChelseaGianfranco Zola
44%
England/Man U hint:laDavid Beckham
43%
Italy/Juventus(The One Who Missed)Roberto Baggio
39%
Spain/BarcelonaGerard Pique
35%
England/Man U hint:18Michael Owen
15%

Score Distribution

Percentile by Number Answered

Percent of People with Each Score

Your Score History

You have not taken this quiz since the last reset